| 000 -LEADER |
| fixed length control field |
00627nam a22001337a 4500 |
| 040 ## - CATALOGING SOURCE |
| Transcribing agency |
RUA |
| 082 ## - DEWEY DECIMAL CLASSIFICATION NUMBER |
| Classification number |
RUB DEM 2018 B662 Or.1 |
| 100 ## - MAIN ENTRY--AUTHOR NAME |
| Personal name |
DEM NIYE ឌឹម ណៃយេ៉ |
| 245 ## - TITLE STATEMENT |
| Title |
yield comp arison on upw ard tapping system of clone gt 1 at cambodian rubber research institutute ប្រៀបធៀបទិន្នផលលើប្រព័ន្ធចៀរមុខលើនៃក្លូន GT1 នៅវទ្យាស្ថានស្រាវជ្រាវកៅស៊ូកម្ពុជា |
| 260 ## - PUBLICATION, DISTRIBUTION, ETC. (IMPRINT) |
| Place of publication |
rua |
| Name of publisher |
phnom penh |
| 300 ## - PHYSICAL DESCRIPTION |
| Number of Pages |
xii,40p |
| Other physical details |
ill, |
| Dimensions |
29cm |
| 856 ## - ELECTRONIC LOCATION AND ACCESS |
| Uniform Resource Identifier |
DEM NIYE |
| 942 ## - ADDED ENTRY ELEMENTS (KOHA) |
| Koha item type |
RUB |
| 952 ## - LOCATION AND ITEM INFORMATION (KOHA) |
| Withdrawn status [LOCAL, KOHA] |
0 |
| 952 ## - LOCATION AND ITEM INFORMATION (KOHA) |
| Withdrawn status [LOCAL, KOHA] |
0 |
| 952 ## - LOCATION AND ITEM INFORMATION (KOHA) |
| Withdrawn status [LOCAL, KOHA] |
0 |
| 952 ## - LOCATION AND ITEM INFORMATION (KOHA) |
| Withdrawn status [LOCAL, KOHA] |
0 |
| 952 ## - LOCATION AND ITEM INFORMATION (KOHA) |
| Withdrawn status [LOCAL, KOHA] |
0 |
| 952 ## - LOCATION AND ITEM INFORMATION (KOHA) |
| Withdrawn status [LOCAL, KOHA] |
0 |